<?xml version="1.0" encoding="UTF-8"?>
<record
    xmlns:xsi="http://www.w3.org/2001/XMLSchema-instance"
    xsi:schemaLocation="http://www.loc.gov/MARC21/slim http://www.loc.gov/standards/marcxml/schema/MARC21slim.xsd"
    xmlns="http://www.loc.gov/MARC21/slim">

  <leader>00420    a2200121   4500</leader>
  <controlfield tag="001">ART_50908</controlfield>
  <controlfield tag="005">20260410162007.0</controlfield>
  <controlfield tag="008">260409a                                 </controlfield>
  <datafield tag="245" ind1="1" ind2="0">
    <subfield code="a">Impacto de la COVID-19 en el r&#xE9;gimen de administraci&#xF3;n de consorcios y la normativa de emergencia</subfield>
  </datafield>
  <datafield tag="100" ind1="1" ind2=" ">
    <subfield code="a">Humphreys, Ethel</subfield>
  </datafield>
  <datafield tag="700" ind1="1" ind2=" ">
    <subfield code="a">Martinat, Julieta</subfield>
  </datafield>
  <datafield tag="773" ind1="0" ind2=" ">
    <subfield code="t">Temas de derecho civil</subfield>
    <subfield code="g">- A&#xF1;o 6, N&#xB0; 6 (jun. 2020)</subfield>
    <subfield code="w">REV34778</subfield>
  </datafield>
  <datafield tag="999" ind1=" " ind2=" ">
    <subfield code="c">31878</subfield>
    <subfield code="d">31878</subfield>
  </datafield>
</record>
